<?xml version="1.0" encoding="UTF-8"?><?xml-stylesheet type="text/xsl" href="static/style.xsl"?><OAI-PMH xmlns="http://www.openarchives.org/OAI/2.0/" xmlns:xsi="http://www.w3.org/2001/XMLSchema-instance" xsi:schemaLocation="http://www.openarchives.org/OAI/2.0/ http://www.openarchives.org/OAI/2.0/OAI-PMH.xsd"><responseDate>2026-06-03T09:01:29Z</responseDate><request verb="GetRecord" identifier="oai:riuma.uma.es:10630/15259" metadataPrefix="marc">https://riuma.uma.es/rest/oai/request</request><GetRecord><record><header><identifier>oai:riuma.uma.es:10630/15259</identifier><datestamp>2026-02-03T10:20:02Z</datestamp><setSpec>com_10630_1685</setSpec><setSpec>col_10630_38055</setSpec></header><metadata><record xmlns="http://www.loc.gov/MARC21/slim" xmlns:dcterms="http://purl.org/dc/terms/" xmlns:doc="http://www.lyncode.com/xoai" xmlns:xsi="http://www.w3.org/2001/XMLSchema-instance" xsi:schemaLocation="http://www.loc.gov/MARC21/slim http://www.loc.gov/standards/marcxml/schema/MARC21slim.xsd">
   <leader>00925njm 22002777a 4500</leader>
   <datafield ind2=" " ind1=" " tag="042">
      <subfield code="a">dc</subfield>
   </datafield>
   <datafield ind2=" " ind1=" " tag="720">
      <subfield code="a">Fernández Mármol, Luis</subfield>
      <subfield code="e">author</subfield>
   </datafield>
   <datafield ind2=" " ind1=" " tag="260">
      <subfield code="c">2018-02-23</subfield>
   </datafield>
   <datafield ind2=" " ind1=" " tag="520">
      <subfield code="a">El presente estudio se enmarca dentro de una línea de innovación educativa dirigida a desarrollar acciones de acogida y orientación al alumnado universitario. Entendiendo que es preciso conocer las características de dicho alumnado para diseñar programas eficaces y adecuados, en este trabajo se plantea como objetivo realizar una descripción de los estilos y estrategias de afrontamiento que utilizan los estudiantes universitarios noveles, así como su relación con las variables personales de sexo, estrés percibido, autoeficacia percibida y optimismo disposicional. &#xd;
Para ello, se aplicó a una muestra de 140 alumnos de primer curso de la Facultad de Psicología de la Universidad de Málaga una serie de cuestionarios. Los resultados indicaban que los alumnos tienden a usar el estilo adaptativo, aunque la estrategia más frecuente es la de preocupación, perteneciente al estilo improductivo. Además, se observan diferencias significativas entre chicos y chicas en las estrategias utilizadas, así como relaciones entre estilos de afrontamiento y las variables personales evaluadas.</subfield>
   </datafield>
   <datafield ind1="8" ind2=" " tag="024">
      <subfield code="a">https://hdl.handle.net/10630/15259</subfield>
   </datafield>
   <datafield tag="653" ind2=" " ind1=" ">
      <subfield code="a">Estudiantes universitarios - Psicología</subfield>
   </datafield>
   <datafield tag="653" ind2=" " ind1=" ">
      <subfield code="a">Psicología - Trabajos fin de grado</subfield>
   </datafield>
   <datafield ind2="0" ind1="0" tag="245">
      <subfield code="a">Afrontamiento. Estilos, estrategias y variables personales del alumnado novel universitario</subfield>
   </datafield>
</record>
</metadata></record></GetRecord></OAI-PMH>